00351nam a22001337a 4500003000400000008004100004020001800045082001400063100002200077245005400099260003800153300000800191650001800199OSt210223b ||||| |||| 00| 0 eng d a9781471195709 a158.1 COT aCOVEY, Stephen R. aThe 7 Habits of Highly Effective People Personal  aNew DelhibSimon & Schusterc2020 a440 aGeneral Books